| LEADER 00000nam 2200000uu 4500 |
| 001 13399128831 |
| 003 BCNR |
| 008 260702s2567||||th 000 0 tha d |
| 020 ^a9786164031135
|
| 041 ^atha
|
| 060 4 ^aWB425^bม551ค 2567
|
| 100 1 ^aมาสุเอะ, ทาเคชิ
|
| 245 00 ^aใครอยากผอม จงเลิกจำกัดแคลอรีซะ /^cมาสุเอะ ทาเคชิ, เขียน ; อำนาจ เหลืองวีระ, แปล
|
| 250 ^aพิมพ์ครั้งที่ 1
|
| 260 ^aกรุงเทพฯ :^bฟรีมายด์,^c2567
|
| 300 ^a167 หน้า :^bภาพประกอบ ;^c21 ซม.
|
| 505 0 ^aบทนำ เปลี่ยน "การไดเอ็ตแบบไม่กิน" เป็น "การไดเอ็ตแบบกินไปผอมไป" -- บทที่ 1 สิ่งสำคัญในการไดเอ็ตแบบใหม่ คือ "การประหยัดอินซูลิน" -- บทที่ 2 กินตอนไหนและอย่างไรคือกุญแจสำคัญ ในการไดเอ็ต -- บทที่ 3 แนวคิดเรื่องไดเอ็ตที่พูดกัน แล้วหมอไม่เห็นด้วย -- บทที่ 4 คนที่อยากผอมควรเลือกสิ่งนี้ แล้วเราควรเลือกกินสิ่งไหนดี
|
| 650 4 ^aโรคอ้วน
|
| 650 4 ^aการดูแลสุขภาพด้วยตนเอง
|
| 650 4 ^aการลดน้ำหนัก
|
| 650 4 ^aการกำหนดอาหาร
|
| 700 0 ^aอำนาจ เหลืองวีระ,^eผู้แปล
|
| 999 ^aบรรณารักษ์
|